[Event "Prinsenstad-toernooi - A groep"]
[Site "Delft"]
[Date "2016.03.25"]
[Round "1.11"]
[White "Blees, Enrico"]
[Black "Janse, Alexander"]
[Result "1-0"]
[WhiteElo "2223"]
[BlackElo "2006"]
[PlyCount "45"]
[EventDate "2016.03.25"]
[EventType "swiss"]
[EventRounds "6"]
[EventCountry "NED"]
[Source "DSC"]
[SourceDate "2016.03.25"]

1. e4 c5 2. Nf3 d6 3. d4 cxd4 4. Nxd4 Nf6 5. Nc3 a6 6. Be2 e5 7. Nb3 b5 8. O-O
Bb7 9. Bg5 Nbd7 10. a4 b4 11. Nd5 Bxd5 12. exd5 a5 13. Bxf6 Qxf6 14. Bb5 Qd8
15. f4 g6 16. fxe5 dxe5 17. Qf3 f5 18. d6 Qb6+ 19. Kh1 Rd8 20. Rad1 e4 21. Qg3
Bg7 22. Rxf5 Bxb2 23. Re5+ 1-0

[Event "Prinsenstad-toernooi - A groep"]
[Site "Delft"]
[Date "2016.03.25"]
[Round "2.1"]
[White "Haver, Bas"]
[Black "Reinderman, Dimitri"]
[Result "1/2-1/2"]
[WhiteElo "2221"]
[BlackElo "2581"]
[PlyCount "92"]
[EventDate "2016.03.25"]
[EventType "swiss"]
[EventRounds "6"]
[EventCountry "NED"]
[Source "DSC"]
[SourceDate "2016.03.25"]

1. e4 c5 2. Nf3 Nc6 3. d4 cxd4 4. Nxd4 e6 5. Nc3 a6 6. Be2 Nge7 7. Be3 Nxd4 8.
Qxd4 b5 9. O-O Nc6 10. Qd2 Bb7 11. Rad1 d6 12. f4 Be7 13. Kh1 O-O 14. f5 Ne5
15. a3 Rc8 16. Bf4 Rc5 17. Qe3 Qa8 18. Qh3 Bxe4 19. Bxe5 Rxe5 20. Nxe4 Qxe4 21.
Bd3 Qh4 22. fxe6 Rxe6 23. Qxh4 Bxh4 24. c4 Re5 25. cxb5 axb5 26. Rf4 Rfe8 27.
Bxh7+ Kxh7 28. Rxh4+ Kg8 29. h3 Re2 30. Rb4 R8e5 31. Rxd6 Rg5 32. Rg4 Rxg4 33.
hxg4 Rxb2 34. Rd4 Kh7 35. a4 b4 36. a5 b3 37. Rb4 Kg6 38. Kh2 Ra2 39. Rxb3 Rxa5
40. Kg3 f6 41. Rf3 Kg5 42. Rd3 g6 43. Rc3 Re5 44. Rb3 Re4 45. Rb5+ Re5 46. Rb3
Rc5 1/2-1/2

[Event "Prinsenstad-toernooi - A groep"]
[Site "Delft"]
[Date "2016.03.25"]
[Round "2.2"]
[White "Ducarmon, Quinten"]
[Black "Bakker, Guido"]
[Result "1-0"]
[WhiteElo "2473"]
[BlackElo "2124"]
[PlyCount "65"]
[EventDate "2016.03.25"]
[EventType "swiss"]
[EventRounds "6"]
[EventCountry "NED"]
[Source "DSC"]
[SourceDate "2016.03.25"]

1. e4 c5 2. Nf3 Nc6 3. Nc3 Nf6 4. Bb5 g6 5. h3 Nd4 6. e5 Nxb5 7. Nxb5 Nd5 8.
O-O Bg7 9. d4 Nc7 10. Nxc7+ Qxc7 11. Bf4 cxd4 12. Qxd4 O-O 13. Qb4 b6 14. Qxe7
Qxc2 15. Rfe1 Bb7 16. Nd2 Bc6 17. Qa3 Rfe8 18. Rac1 Qf5 19. Qg3 Bd5 20. b3 Rac8
21. Rcd1 Rc2 22. Nf1 Qe6 23. Ne3 Rc5 24. Qh4 Ba8 25. Ng4 Qc6 26. f3 Rc2 27. Rd2
Rxd2 28. Bxd2 Qc5+ 29. Kh1 Bc6 30. Bh6 Qc3 31. Bxg7 Kxg7 32. Qh6+ Kh8 33. Rc1
1-0

[Event "Prinsenstad-toernooi - A groep"]
[Site "Delft"]
[Date "2016.03.25"]
[Round "2.3"]
[White "Vrolijk, Liam"]
[Black "Arnaudov, Petar"]
[Result "0-1"]
[WhiteElo "2162"]
[BlackElo "2450"]
[PlyCount "92"]
[EventDate "2016.03.25"]
[EventType "swiss"]
[EventRounds "6"]
[EventCountry "NED"]
[Source "DSC"]
[SourceDate "2016.03.25"]

1. d4 d5 2. c4 dxc4 3. Nf3 Nf6 4. e3 Bg4 5. Bxc4 e6 6. Nc3 Nc6 7. O-O a6 8. a3
Bd6 9. Be2 O-O 10. b4 Nd5 11. Bb2 f5 12. Nxd5 exd5 13. Ne5 Bxe2 14. Qxe2 f4 15.
exf4 Rxf4 16. Qd3 Ne7 17. g3 Rf8 18. Rae1 c6 19. Bc1 h6 20. f4 Qc8 21. Kh1 Qh3
22. Rf3 Qf5 23. g4 Qxd3 24. Nxd3 a5 25. Nc5 Bxc5 26. bxc5 Rfe8 27. f5 Nxf5 28.
Rxe8+ Rxe8 29. gxf5 Re1+ 30. Kg2 Rxc1 31. Rb3 a4 32. Rxb7 Rc3 33. Rc7 Rxa3 34.
Rxc6 Rd3 35. Rd6 Rxd4 36. c6 Rc4 37. Rxd5 Rxc6 38. Ra5 Rc4 39. Kg3 Kf7 40. Ra6
h5 41. h3 Rb4 42. Kf3 Rb3+ 43. Kg2 a3 44. Kh2 h4 45. Kg2 Ke7 46. Kh2 Rb2+ 0-1

[Event "Prinsenstad-toernooi - A groep"]
[Site "Delft"]
[Date "2016.03.25"]
[Round "2.4"]
[White "Roorda, Thijs"]
[Black "De Jong, Migchiel"]
[Result "0-1"]
[WhiteElo "2142"]
[BlackElo "2390"]
[PlyCount "84"]
[EventDate "2016.03.25"]
[EventType "swiss"]
[EventRounds "6"]
[EventCountry "NED"]
[Source "DSC"]
[SourceDate "2016.03.25"]

1. Nf3 Nf6 2. c4 g6 3. Nc3 Bg7 4. e4 O-O 5. d4 c6 6. h3 d5 7. e5 Ne4 8. Bd3
Nxc3 9. bxc3 dxc4 10. Bxc4 c5 11. O-O cxd4 12. cxd4 Nc6 13. Rb1 Na5 14. Bd3 Be6
15. Qa4 Bd5 16. Rd1 Rc8 17. Ba3 Nc4 18. Bxc4 Rxc4 19. Qxa7 Qd7 20. Nd2 Ra4 21.
Qc5 e6 22. Qd6 Qc8 23. Rbc1 Qa8 24. Rc3 Rd8 25. Qb6 Bxa2 26. Bd6 Bd5 27. Rdc1
Bh6 28. R3c2 Bc6 29. Rb1 Ra6 30. Qb2 b5 31. f3 Be3+ 32. Kh2 Bd5 33. Qc3 Bf4+
34. g3 Bxd2 35. Qxd2 Bxf3 36. Rf1 Ra1 37. Qf2 Rxf1 38. Qxf1 f5 39. Rf2 Bd5 40.
Qxb5 Qa1 41. Qf1 Qxd4 42. Qc1 Qxf2# 0-1

[Event "Prinsenstad-toernooi - A groep"]
[Site "Delft"]
[Date "2016.03.25"]
[Round "2.5"]
[White "Van Kerkhof, David"]
[Black "Ducarmon, Renzo"]
[Result "1-0"]
[WhiteElo "2319"]
[BlackElo "2119"]
[PlyCount "73"]
[EventDate "2016.03.25"]
[EventType "swiss"]
[EventRounds "6"]
[EventCountry "NED"]
[Source "DSC"]
[SourceDate "2016.03.25"]

1. d4 Nf6 2. Nc3 d5 3. e4 Nxe4 4. Nxe4 dxe4 5. Bf4 e6 6. Qd2 c5 7. O-O-O Nc6 8.
Qe3 Qd5 9. c4 Qf5 10. d5 Nd4 11. Ne2 e5 12. Bg3 h5 13. f3 exf3 14. Nxd4 cxd4
15. Qxe5+ Qxe5 16. Bxe5 Bg4 17. Rxd4 f6 18. Bg3 Bc5 19. Rd3 h4 20. Bf4 g5 21.
Be3 fxg2 22. Bxg2 Rc8 23. Bxc5 Rxc5 24. Re1+ Kd7 25. Rd4 h3 26. Bh1 f5 27. b4
Rcc8 28. d6 Rhe8 29. Rxe8 Rxe8 30. Bxb7 Rb8 31. Ba6 Rxb4 32. Bb5+ Kd8 33. Rd5
a6 34. Bxa6 Ra4 35. Bb5 Rxa2 36. c5 Ra5 37. c6 1-0

[Event "Prinsenstad-toernooi - A groep"]
[Site "Delft"]
[Date "2016.03.25"]
[Round "2.6"]
[White "Polak, Alexander"]
[Black "Bertholee, Rob"]
[Result "0-1"]
[WhiteElo "2111"]
[BlackElo "2318"]
[PlyCount "66"]
[EventDate "2016.03.25"]
[EventType "swiss"]
[EventRounds "6"]
[EventCountry "NED"]
[Source "DSC"]
[SourceDate "2016.03.25"]

1. e4 c5 2. Nf3 Nc6 3. d4 cxd4 4. Nxd4 g6 5. Be3 Nf6 6. Nc3 Bg7 7. Bc4 O-O 8.
Bb3 d6 9. f3 Bd7 10. Qd2 Nxd4 11. Bxd4 b5 12. g4 a5 13. g5 Nh5 14. a4 Bxd4 15.
Qxd4 bxa4 16. Bxa4 Bxa4 17. Rxa4 e5 18. Qd2 Nf4 19. h4 f6 20. Rg1 Qb6 21. Rg3
Qxb2 22. Nd5 fxg5 23. hxg5 Qb1+ 24. Kf2 Nxd5 25. Qxd5+ Kh8 26. Rc4 Qb6+ 27. Ke2
Qa6 28. Ke1 Rab8 29. Rh3 Rb1+ 30. Kd2 Qb6 31. Qd3 Qg1 32. Kc3 Rd1 33. Qe2 Rd4
0-1

[Event "Prinsenstad-toernooi - A groep"]
[Site "Delft"]
[Date "2016.03.25"]
[Round "2.7"]
[White "Haver, Daan"]
[Black "Blees, Enrico"]
[Result "1/2-1/2"]
[WhiteElo "2010"]
[BlackElo "2223"]
[PlyCount "70"]
[EventDate "2016.03.25"]
[EventType "swiss"]
[EventRounds "6"]
[EventCountry "NED"]
[Source "DSC"]
[SourceDate "2016.03.25"]

1. d4 f5 2. c4 Nf6 3. g3 e6 4. Bg2 Be7 5. Nc3 O-O 6. Nh3 d5 7. O-O c6 8. b3
Nbd7 9. Nf4 Nb8 10. cxd5 Nxd5 11. Ncxd5 exd5 12. Bd2 Na6 13. e3 Qe8 14. Qe2 Nc7
15. Rfc1 Bd6 16. Qd3 Ne6 17. Nxe6 Bxe6 18. b4 Qd7 19. a4 a6 20. Ra2 Rfc8 21.
Qb3 Be7 22. Rca1 Bd8 23. Bf1 a5 24. bxa5 Bxa5 25. Rb1 Bxd2 26. Rxd2 Ra7 27. Ra2
Qc7 28. Qb4 Rca8 29. Rba1 Ra5 30. Rb2 Bc8 31. Rc2 Kf7 32. Bg2 Qe7 33. Qb3 Qd6
34. Rca2 Kg8 35. Bf3 h6 1/2-1/2

[Event "Prinsenstad-toernooi - A groep"]
[Site "Delft"]
[Date "2016.03.25"]
[Round "2.8"]
[White "Van den Doel, Erik"]
[Black "Barendse, Ted"]
[Result "1-0"]
[WhiteElo "2564"]
[BlackElo "2142"]
[PlyCount "59"]
[EventDate "2016.03.25"]
[EventType "swiss"]
[EventRounds "6"]
[EventCountry "NED"]
[Source "DSC"]
[SourceDate "2016.03.25"]

1. e4 e6 2. d4 d5 3. Nd2 Nf6 4. e5 Nfd7 5. Ngf3 c5 6. c3 Nc6 7. Bd3 g6 8. h4 h6
9. Bc2 b6 10. Nf1 Ba6 11. Bd3 Bxd3 12. Qxd3 Rc8 13. Ne3 cxd4 14. cxd4 Nb4 15.
Qb3 Qc7 16. Bd2 Nc6 17. Rc1 Bg7 18. O-O O-O 19. Ng4 h5 20. Nh6+ Kh8 21. Qd3
Ndb8 22. g4 Bxh6 23. Bxh6 hxg4 24. Ng5 Qd7 25. h5 Rg8 26. Kg2 Nb4 27. Qb1 Rxc1
28. Rxc1 Rc8 29. Rxc8+ Qxc8 30. Nxf7+ 1-0

[Event "Prinsenstad-toernooi - A groep"]
[Site "Delft"]
[Date "2016.03.25"]
[Round "2.9"]
[White "Van der Zon, Stef"]
[Black "Haslinger, Stewart"]
[Result "0-1"]
[WhiteElo "2123"]
[BlackElo "2508"]
[PlyCount "65"]
[EventDate "2016.03.25"]
[EventType "swiss"]
[EventRounds "6"]
[EventCountry "NED"]
[Source "DSC"]
[SourceDate "2016.03.25"]

1. e4 d6 2. d4 Nf6 3. Nc3 e5 4. Nf3 Nbd7 5. Bc4 Be7 6. O-O O-O 7. Re1 c6 8. a4
h6 9. h3 Re8 10. Be3 Qc7 11. Qd2 exd4 12. Nxd4 Bf8 13. Bf4 Ne5 14. Bb3 Bd7 15.
Bh2 Rad8 16. Rad1 a6 17. Kh1 b5 18. axb5 axb5 19. f4 b4 20. fxe5 dxe5 21. Nce2
Qb6 22. Bg1 Nxe4 23. Nf3 Bc5 24. Qd3 Nf2+ 25. Bxf2 Bxf2 26. Qg6 Be6 27. Bxe6
Rxe6 28. Qe4 Bxe1 29. Rxe1 Qf2 30. Qxb4 e4 31. Nfd4 c5 32. Qa5 Red6 33. c3 0-1

[Event "Prinsenstad-toernooi - A groep"]
[Site "Delft"]
[Date "2016.03.25"]
[Round "2.10"]
[White "Lalic, Bogdan"]
[Black "Galehdari, Bardia"]
[Result "1-0"]
[WhiteElo "2429"]
[BlackElo "2080"]
[PlyCount "69"]
[EventDate "2016.03.25"]
[EventType "swiss"]
[EventRounds "6"]
[EventCountry "NED"]
[Source "DSC"]
[SourceDate "2016.03.25"]

1. d4 Nf6 2. c4 e6 3. Nf3 c5 4. d5 b5 5. e4 Nxe4 6. Bd3 Nf6 7. O-O Be7 8. Nc3
Bb7 9. Re1 O-O 10. Bf4 bxc4 11. Bxc4 exd5 12. Nxd5 Nxd5 13. Bxd5 Bxd5 14. Qxd5
Nc6 15. Rad1 Qb6 16. Qxd7 Rad8 17. Qc7 Rxd1 18. Rxd1 Qxc7 19. Bxc7 Bf6 20. b3
Rc8 21. Bf4 Nd4 22. Nxd4 cxd4 23. Kf1 g5 24. Rc1 Re8 25. Bd2 d3 26. Be3 h6 27.
Ke1 a5 28. Kd2 Rd8 29. Rc4 Kh7 30. Bb6 Rd5 31. Rc5 Rd6 32. Bc7 Rd7 33. Bxa5 Bd4
34. Rc7 Rd5 35. Bc3 1-0

[Event "Prinsenstad-toernooi - A groep"]
[Site "Delft"]
[Date "2016.03.25"]
[Round "2.11"]
[White "Cebula, Jerzy"]
[Black "Blees, Albert"]
[Result "0-1"]
[WhiteElo "2075"]
[BlackElo "2382"]
[PlyCount "70"]
[EventDate "2016.03.25"]
[EventType "swiss"]
[EventRounds "6"]
[EventCountry "NED"]
[Source "DSC"]
[SourceDate "2016.03.25"]

1. e4 c5 2. Nf3 e6 3. d4 cxd4 4. Nxd4 a6 5. Nc3 b5 6. Be2 Bb7 7. Bf3 Qc7 8. O-O
d6 9. a3 Nd7 10. Be3 Ngf6 11. Nb3 Be7 12. Bd4 O-O 13. Re1 Rac8 14. Rc1 Rfd8 15.
Qe2 h6 16. g3 Ne5 17. Bxe5 dxe5 18. Na2 Ne8 19. c3 Nd6 20. Nd2 Bg5 21. Rcd1 a5
22. Nc1 Ba6 23. Ncb3 Qb6 24. Nb1 a4 25. Nc1 b4 26. Nd3 bxc3 27. Nxc3 Qa5 28. h4
Be7 29. Qc2 Nb5 30. Qxa4 Qxa4 31. Nxa4 Nd4 32. Nxe5 Nxf3+ 33. Nxf3 Rxd1 34.
Rxd1 Be2 35. Nb6 Rb8 0-1

[Event "Prinsenstad-toernooi - A groep"]
[Site "Delft"]
[Date "2016.03.26"]
[Round "2.12"]
[White "Van Dijk, Harold"]
[Black "Oudshoorn, Arres"]
[Result "1-0"]
[WhiteElo "2310"]
[BlackElo "2054"]
[Annotator "Prinsenstad-toernooi"]
[PlyCount "51"]
[EventDate "2016.03.25"]
[EventType "swiss"]
[EventRounds "6"]
[EventCountry "NED"]
[Source "DSC"]
[SourceDate "2016.03.25"]

{Winnaar spektakelprijs A-groep} 1. e4 c5 2. Nc3 a6 3. g3 Nc6 4. Bg2 e6 5. d3
Nf6 6. Nh3 Be7 7. O-O O-O 8. a4 d6 9. f4 d5 10. exd5 exd5 11. f5 d4 12. Ne4
Nxe4 13. Bxe4 Nb4 14. Qh5 Bf6 15. Rf4 (15. Rf2 {is iets behoudender.}) 15...
Nxc2 16. Rh4 $5 Bxh4 17. f6 g6 18. Qxh4 Bxh3 (18... Nxa1 19. Bf4 Re8 20. Bc7
Rxe4 21. dxe4 Qf8 $19) 19. Bf4 Kh8 20. Rc1 Be6 21. Rxc2 c4 22. Bxb7 $1 {
Lokt slaan op d3 uit.} cxd3 23. Rc5 Rg8 (23... d2 24. Bxd2 {
is wellicht verstandiger.}) 24. Be4 Rc8 $4 (24... Bf5 25. Rxf5 gxf5 26. Bxf5
Rg6 27. Bxg6 fxg6 28. f7 Kg7 (28... Qxh4 $4 29. Be5+ Qf6 30. Bxf6#) 29. f8=Q+
Kxf8 30. Qxh7 {en nog een hele pot te spelen.}) 25. Qxh7+ Kxh7 26. Rh5# 1-0

[Event "Prinsenstad-toernooi - A groep"]
[Site "Delft"]
[Date "2016.03.26"]
[Round "2.15"]
[White "Hilwerda, Jonas"]
[Black "Legemaat, Gert"]
[Result "1-0"]
[WhiteElo "1992"]
[BlackElo "2232"]
[Annotator "Prinsenstad-toernooi"]
[PlyCount "57"]
[EventDate "2016.03.25"]
[EventType "swiss"]
[EventRounds "6"]
[EventCountry "NED"]
[Source "DSC"]
[SourceDate "2016.03.25"]

1. e4 e6 2. d4 d5 3. Nd2 Nf6 4. e5 Nfd7 5. c3 c5 6. Bd3 Nc6 7. Ne2 cxd4 8. cxd4
f6 9. Nf4 Nxd4 10. Qh5+ Ke7 11. Ng6+ hxg6 12. exf6+ Nxf6 13. Qxh8 Kf7 14. O-O
e5 15. Nb3 Nc6 16. Bg5 Bf5 17. Bxf5 gxf5 18. Qh3 Qd7 19. Bxf6 Kxf6 20. Rad1 Rd8
21. Nd2 e4 22. f3 Bc5+ 23. Kh1 e3 $2 (23... Qe6 $16 {is beter.}) 24. Ne4+ $1
fxe4 (24... dxe4 {en de dame geven via} 25. Rxd7 e2 26. Qh4+ Ke6 27. Re1 Rxd7
28. Rxe2 $18 {Is objectief het beste.}) 25. fxe4+ {Oeps, met schaak!} Kg6 26.
Qg3+ $6 (26. g4 $1 {dreigt mat op h5. Einde partij.}) 26... Kh7 27. Rxd5 Qe7 $2
{Gemiste kans.} (27... e2 $1 28. Rg1 {
en nog meer spektakel (maar ook geen duidelijke winnaar).}) 28. Qh3+ Kg8 29.
Rh5 {en mat is alleen uit te stellen door de dame te geven.} 1-0

[Event "Prinsenstad-toernooi - A groep"]
[Site "Delft"]
[Date "2016.03.26"]
[Round "2.18"]
[White "Nguyen, Kevin"]
[Black "Kokje, Joris"]
[Result "1-0"]
[WhiteElo "2062"]
[BlackElo "2000"]
[Annotator "Prinsenstad-toernooi"]
[PlyCount "41"]
[EventDate "2016.03.25"]
[EventType "swiss"]
[EventRounds "6"]
[EventCountry "NED"]
[Source "DSC"]
[SourceDate "2016.03.25"]

1. e4 c5 2. Nc3 e6 3. Nf3 Nc6 4. g3 d5 5. d3 Nf6 6. e5 Nd7 7. Bf4 Be7 8. Qe2 a6
9. Bg2 b5 10. O-O Bb7 11. h4 Qc7 12. Nxd5 exd5 13. e6 Qd8 14. Ng5 $1 Bxg5 (
14... Nf8 15. exf7+ Kd7 16. Bh3+ Ne6 17. Bxe6#) 15. exd7+ Kf8 16. Bxg5 Qxd7 17.
Rae1 f6 18. Be3 d4 19. Bf4 Kf7 $2 (19... Na5 20. Qh5 $16) 20. Qh5+ g6 21. Bd5+
(21. Bd5+ Kf8 22. Qh6+ Qg7 23. Bd6+ Ne7 24. Bxe7+ Ke8 25. Bxf6+ Qe7 26. Rxe7+
Kd8 27. Qf4 Bxd5 28. Qc7#) 1-0

[Event "Prinsenstad-toernooi - A groep"]
[Site "Delft"]
[Date "2016.03.26"]
[Round "3.1"]
[White "De Jong, Migchiel"]
[Black "Ducarmon, Quinten"]
[Result "0-1"]
[WhiteElo "2390"]
[BlackElo "2473"]
[PlyCount "124"]
[EventDate "2016.03.25"]
[EventType "swiss"]
[EventRounds "6"]
[EventCountry "NED"]
[Source "DSC"]
[SourceDate "2016.03.25"]

1. d4 d5 2. Nf3 Nf6 3. c4 c6 4. Qb3 dxc4 5. Qxc4 Bg4 6. Nbd2 Nbd7 7. g3 e6 8.
Bg2 Be7 9. O-O O-O 10. Ne5 Bh5 11. Nxd7 Nxd7 12. Nb3 a5 13. Bf4 Qb6 14. Rfc1
Rfd8 15. a4 Bxe2 16. Qxe2 Qxb3 17. Bc7 Rdc8 18. Rc3 Qb4 19. Rc4 Qb3 20. Rc3 Qb4
21. Rc4 Rxc7 22. Rxb4 Bxb4 23. Rc1 Nb6 24. Qe5 Rd7 25. h4 Nxa4 26. h5 h6 27. d5
cxd5 28. Bf1 Nc5 29. Bb5 Rdd8 30. g4 Rac8 31. g5 Bd2 32. gxh6 Bxh6 33. Rc3 b6
34. Qd4 Rc7 35. f4 Rcc8 36. Bf1 Ne4 37. Rf3 Rc6 38. f5 Nf6 39. Bd3 Re8 40. Bb5
e5 41. Qa4 Rc1+ 42. Rf1 Rec8 43. Rxc1 Rxc1+ 44. Bf1 Kh7 45. Kg2 Be3 46. b4 axb4
47. Qxb4 Rc2+ 48. Kh3 Bf4 49. Bg2 Kh6 50. Qe1 d4 51. Qd1 Rc3+ 52. Bf3 e4 53.
Qxd4 Rxf3+ 54. Kg2 Rg3+ 55. Kf1 Rg5 56. Qxb6 Rxf5 57. Qb7 Nxh5 58. Ke1 e3 59.
Qc8 Re5 60. Ke2 Bg5 61. Qc7 Re7 62. Qd6+ Re6 0-1

[Event "Prinsenstad-toernooi - A groep"]
[Site "Delft"]
[Date "2016.03.26"]
[Round "3.2"]
[White "Arnaudov, Petar"]
[Black "Van Kerkhof, David"]
[Result "1-0"]
[WhiteElo "2450"]
[BlackElo "2319"]
[PlyCount "57"]
[EventDate "2016.03.25"]
[EventType "swiss"]
[EventRounds "6"]
[EventCountry "NED"]
[Source "DSC"]
[SourceDate "2016.03.25"]

1. Nf3 Nf6 2. c4 g6 3. Nc3 d5 4. d4 Bg7 5. Qb3 dxc4 6. Qxc4 O-O 7. e4 a6 8. Be2
b5 9. Qb3 c5 10. dxc5 Bb7 11. e5 Nfd7 12. Be3 Nxe5 13. Nxe5 Bxe5 14. Rd1 Qa5
15. O-O Nc6 16. f4 Bg7 17. Bf3 Rad8 18. Nd5 Ba8 19. Nb6 Bb7 20. h3 b4 21. Nd7
Rfe8 22. Bxc6 Bxc6 23. Ne5 Bxe5 24. fxe5 e6 25. Rd6 Qb5 26. Qc2 Ba8 27. Qf2 Qb7
28. c6 Qe7 29. Bb6 1-0

[Event "Prinsenstad-toernooi - A groep"]
[Site "Delft"]
[Date "2016.03.26"]
[Round "3.3"]
[White "Bertholee, Rob"]
[Black "Van den Doel, Erik"]
[Result "0-1"]
[WhiteElo "2318"]
[BlackElo "2564"]
[PlyCount "64"]
[EventDate "2016.03.25"]
[EventType "swiss"]
[EventRounds "6"]
[EventCountry "NED"]
[Source "DSC"]
[SourceDate "2016.03.25"]

1. e4 c5 2. Nc3 Nc6 3. Bb5 Nd4 4. Bc4 e6 5. Nf3 Ne7 6. Nxd4 cxd4 7. Nb5 Nc6 8.
c3 Ne5 9. d3 dxc3 10. O-O cxb2 11. Bxb2 d6 12. Rc1 Bd7 13. Bxe5 dxe5 14. Qh5
Be7 15. Bxe6 Bxe6 16. Nc7+ Kf8 17. Nxa8 Qxa8 18. Qxe5 Qd8 19. d4 Bd6 20. Qb5
Bf4 21. Rcd1 Bg4 22. f3 Bc8 23. g3 Bb8 24. d5 h5 25. Rc1 Bh3 26. Qxb7 Rh6 27.
g4 Qb6+ 28. Qxb6 Rxb6 29. Rf2 Bf4 30. Rc8+ Ke7 31. Re2 Rb1+ 32. Kf2 Rf1# 0-1

[Event "Prinsenstad-toernooi - A groep"]
[Site "Delft"]
[Date "2016.03.26"]
[Round "3.4"]
[White "Reinderman, Dimitri"]
[Black "Overeem, Marc"]
[Result "1-0"]
[WhiteElo "2581"]
[BlackElo "2222"]
[Annotator "Dimitri Reinderman"]
[PlyCount "65"]
[EventDate "2016.03.25"]
[EventType "swiss"]
[EventRounds "6"]
[EventCountry "NED"]
[Source "DSC"]
[SourceDate "2016.03.25"]

1. c4 e6 2. Nf3 d5 3. b3 Nf6 4. g3 c5 5. Bg2 Nc6 6. O-O d4 7. e3 e5 8. exd4
exd4 9. d3 Be7 10. Bf4 O-O 11. Ne5 Nxe5 12. Bxe5 Bd6 13. Bxf6 Qxf6 14. Nd2 Bf5
15. Be4 Bg6 16. f4 Bxe4 17. Nxe4 Qd8 18. Qh5 {Ik zag het hier wel zitten. Hij
moet c5 dekken, dacht ik, dan doe ik f5 waardoor ik zowel aanval als een mooi
paard op e4 heb. En de partijzet kon niet, dacht ik.} f5 $1 19. Nxd6 ({Wel dus:
} 19. Ng5 h6 20. Ne6 Qe8 $1) {Ik pakte maar op d6 en verdubbelde maar op de
e-lijn. Dat had mijn tegenstander kunnen neutraliseren en ik was al bang dat
ik weer remise zou spelen. Hij liet de e-lijn echter aan mij en dat bleek
later beslissend.} 19... Qxd6 20. Rae1 Rf7 21. Re5 Raf8 22. Rfe1 Qa6 23. R1e2
Qa5 24. Qf3 g6 25. Re7 b6 26. h4 Kg7 27. h5 Qc3 28. Qd5 Qc1+ 29. Kg2 Rxe7 30.
Rxe7+ Kh6 31. Qe5 Qc2+ 32. Kh3 Rg8 33. Qf6 1-0

[Event "Prinsenstad-toernooi - A groep"]
[Site "Delft"]
[Date "2016.03.26"]
[Round "3.5"]
[White "Haslinger, Stewart"]
[Black "Haver, Bas"]
[Result "1-0"]
[WhiteElo "2508"]
[BlackElo "2221"]
[PlyCount "47"]
[EventDate "2016.03.25"]
[EventType "swiss"]
[EventRounds "6"]
[EventCountry "NED"]
[Source "DSC"]
[SourceDate "2016.03.25"]

1. e4 e5 2. Nf3 Nc6 3. Bc4 Nf6 4. d3 Be7 5. O-O O-O 6. Re1 d6 7. a4 Be6 8. a5
Bxc4 9. dxc4 Qd7 10. Nc3 Nd8 11. Bg5 Re8 12. Bxf6 Bxf6 13. Nd5 Ne6 14. Nxf6+
gxf6 15. Nh4 Kh8 16. Qh5 Nf4 17. Qh6 Qe6 18. Ra3 Rg8 19. Rg3 Rg5 20. Ree3 Rag8
21. b3 f5 22. Nxf5 R5g6 23. Qh4 Nxg2 24. Kxg2 1-0

[Event "Prinsenstad-toernooi - A groep"]
[Site "Delft"]
[Date "2016.03.26"]
[Round "3.6"]
[White "Blees, Enrico"]
[Black "Lalic, Bogdan"]
[Result "1/2-1/2"]
[WhiteElo "2223"]
[BlackElo "2429"]
[PlyCount "54"]
[EventDate "2016.03.25"]
[EventType "swiss"]
[EventRounds "6"]
[EventCountry "NED"]
[Source "DSC"]
[SourceDate "2016.03.25"]

1. e4 c5 2. Nf3 Nc6 3. d4 cxd4 4. Nxd4 Nf6 5. Nc3 d6 6. Bg5 e6 7. Qd2 a6 8.
O-O-O Bd7 9. f4 b5 10. Nxc6 Bxc6 11. Qd4 Be7 12. Bxf6 Bxf6 13. Qxd6 Qxd6 14.
Rxd6 Rc8 15. e5 Be7 16. Rd2 g5 17. Bd3 gxf4 18. Be4 f3 19. Rf2 fxg2 20. Rxg2
Bxe4 21. Nxe4 Rc4 22. Re1 Rd4 23. Rd2 Rxd2 24. Kxd2 Rg8 25. Re2 Rg1 26. c3 Rf1
27. Kd3 Rd1+ 1/2-1/2

[Event "Prinsenstad-toernooi - A groep"]
[Site "Delft"]
[Date "2016.03.26"]
[Round "3.7"]
[White "Blees, Albert"]
[Black "Hilwerda, Jonas"]
[Result "1-0"]
[WhiteElo "2382"]
[BlackElo "1992"]
[PlyCount "97"]
[EventDate "2016.03.25"]
[EventType "swiss"]
[EventRounds "6"]
[EventCountry "NED"]
[Source "DSC"]
[SourceDate "2016.03.25"]

1. e4 e5 2. Nf3 Nc6 3. Bc4 Nf6 4. d3 Be7 5. O-O O-O 6. Re1 d6 7. c3 Na5 8. Bb5
a6 9. Ba4 b5 10. Bc2 c5 11. Nbd2 Nc6 12. Nf1 Qc7 13. a4 Be6 14. Ne3 d5 15. Ng5
d4 16. Nxe6 fxe6 17. Ng4 c4 18. Nxf6+ Bxf6 19. Qe2 dxc3 20. bxc3 b4 21. Bb2 b3
22. Bb1 Na5 23. Ba3 Rfd8 24. Bb4 Nc6 25. dxc4 Nxb4 26. cxb4 Rd4 27. Ra3 Rxc4
28. Rxb3 Be7 29. Qb2 Rb8 30. b5 Qa5 31. Rf1 Qxa4 32. Qxe5 Qxb3 33. Qxb8+ Bf8
34. Qb6 Rb4 35. Qxa6 Qxb1 36. Qxe6+ Kh8 37. Qf7 h6 38. Qxf8+ Kh7 39. Qf5+ Kh8
40. g3 Qxe4 41. Qxe4 Rxe4 42. Rb1 Re7 43. b6 Rb7 44. Kg2 Kg8 45. Kf3 Kf7 46.
Ke4 Ke6 47. h4 h5 48. f3 g6 49. g4 1-0

[Event "Prinsenstad-toernooi - A groep"]
[Site "Delft"]
[Date "2016.03.26"]
[Round "3.8"]
[White "Sch\F6nberger, Daan"]
[Black "Van Dijk, Harold"]
[Result "1-0"]
[WhiteElo "2006"]
[BlackElo "2310"]
[PlyCount "87"]
[EventDate "2016.03.25"]
[EventType "swiss"]
[EventRounds "6"]
[EventCountry "NED"]
[Source "DSC"]
[SourceDate "2016.03.25"]

1. d4 Nf6 2. c4 g6 3. f3 Bg7 4. e4 d6 5. Nc3 c6 6. Be3 a6 7. c5 O-O 8. Nge2
Nbd7 9. Nf4 b5 10. cxb6 Nxb6 11. Be2 Nfd7 12. Rc1 a5 13. O-O Ba6 14. Bxa6 Rxa6
15. Qe2 Qa8 16. Rfd1 a4 17. a3 Ra5 18. Na2 c5 19. dxc5 Nxc5 20. Nb4 Rb8 21. Rc2
Kf8 22. Qf2 Nbd7 23. Nfd5 h6 24. Qg3 Ne5 25. Qh3 h5 26. Qh4 Ra7 27. Rxc5 dxc5
28. Bxc5 Rd7 29. Bxe7+ Ke8 30. Bf6 Qa7+ 31. Kh1 Rxd5 32. exd5 Kf8 33. Bxe5 Bxe5
34. Nc6 Qc7 35. Nxb8 Qxb8 36. Qb4+ Qxb4 37. axb4 Bxb2 38. b5 Be5 39. Rd2 Bd6
40. Ra2 a3 41. b6 Ke7 42. b7 Kd7 43. Rxa3 Bb8 44. Rc3 1-0